00173nam a2200073Ia 4500008004100000100001600041245002600057260001600083170523s9999 xx 000 0 und d aBesanko- D. 0aEconomics of Strategy aWiley India